Normal view
MARC view
Entry Personal Name
001 - CONTROL NUMBER
- control field: 51337
003 - CONTROL NUMBER IDENTIFIER
- control field: dpl
005 - DATE AND TIME OF LATEST TRANSACTION
- control field: 20120822122654.0
008 - FIXED-LENGTH DATA ELEMENTS
- fixed length control field: 120822|||a|||||| | ||| d
040 ## - CATALOGING SOURCE
- Original cataloging agency: dpl
- Transcribing agency: dpl
100 ## - HEADING--PERSONAL NAME
- Personal name: Kishore, Giriraj
- Dates associated with a name: 1937-
670 ## - SOURCE DATA FOUND
- Source citation: Work cat.: (dpl)55261: Kishore, Giriraj 1937-, The Girmitiya Saga /, 2010.
670 ## - SOURCE DATA FOUND
- Source citation: Work cat.: (dpl)55261: Kishore, Giriraj 1937-, The Girmitiya Saga /, 2010.
